| 000 | 01047nam a2200241 a 4500 | ||
|---|---|---|---|
| 001 | 76734 | ||
| 003 | BD-RjUL | ||
| 005 | 20211209082859.0 | ||
| 008 | 200116s1988 bg ||||| |||| 00| 0 ben d | ||
| 035 | _a(BD-RjUL)76958 | ||
| 040 |
_aBD-RjUL _bben _cBD-RjUL _dBD-RjUL |
||
| 041 | _aben | ||
| 082 |
_223 _a351.5492 _bRAP 1988 |
||
| 100 | 1 |
_aরায়, জয়ন্তকুমার _9237640 |
|
| 245 | 1 | 0 |
_aপ্রশাসনের অন্দরমহল: _bবাংলাদেশ / _cজয়ন্তকুমার রায় , মুনতাসীর মামুন |
| 250 | _aবাংলাদেশ সং. | ||
| 260 |
_aঢাকা : _bপল্লব পাবলিশার্শ, _c১৯৮৮ |
||
| 300 |
_a[১৬], ২৯৯ পৃ. ; _c২২ সেমি. |
||
| 650 |
_aলোকপ্রশাসন _vবাংলাদেশ _9162717 |
||
| 650 |
_aPublic Administration _vBangladesh _9162451 |
||
| 700 |
_aমামুন, মুনতাসীর, যুগ্ম লেখক _9237642 |
||
| 942 |
_2ddc _cRAR |
||
| 999 |
_c76734 _d76734 |
||